书目信息 |
| 题名: |
新新新日报馆
|
|
| 作者: | 梁清散 著 | |
| 分册: | ||
| 出版信息: | 北京 新星出版社 2021 |
|
| 页数: | 321页 | |
| 开本: | 22cm | |
| 丛书名: | ||
| 单 册: | ||
| 中图分类: | I247.59 | |
| 科图分类: | ||
| 主题词: | 幻想小说--中国--当代 | |
| 电子资源: | ||
| ISBN: | 978-7-5133-4591-0 | |
| 000 | 01655nam0 2200277 450 | |
| 001 | 01182741 | |
| 005 | 20211015223459.0 | |
| 010 | @a978-7-5133-4591-0@dCNY49.00 | |
| 100 | @a20210830d2021 em y0chiy0120 ea | |
| 101 | 0 | @achi |
| 102 | @aCN@b110000 | |
| 105 | @ay z 000ay | |
| 106 | @ar | |
| 200 | 1 | @a新新新日报馆@9xin xin xin ri bao guan@dThe new new news@e魔都暗影@f梁清散著@zeng |
| 210 | @a北京@c新星出版社@d2021 | |
| 215 | @a321页@d22cm | |
| 314 | @a梁清散,科幻小说作者、科幻文学研究者。已出版长篇科幻小说《沉默的永和轮》《文学少女侦探》《厨房里的海派少女》《新新日报馆:机械崛起》。短篇代表作《济南的风筝》《游日本记》《三季一生》《眼魔》等,入选多部科幻小说精选集。论文《晚清科幻研究论文》及《中国近代科幻小说书目》收录于《科幻文学论纲》(吴岩 编)。 | |
| 330 | @a1908年初春,大清国上海吴淞江上举办了一场举世瞩目的人类和机械的划船对决。然而在众人欢庆的落幕之后,赛事主角之一,划船俱乐部总教练钟天文,离奇死亡。新新日报馆的记者梁启为追踪新闻,与科技发明达人、侠士谭四联手寻找凶案线索。他们从钟天文好友、机械痴人康揆入手,却不料掀开了上海滩地下世界的黑幕。梁启首先查访到,原来钟天文、康揆和报界精英曾传尧、华人大律师范世雅四人都曾在童年时去美国留学又同年归国,并称“留美归国四杰”。他们时常聚会,立志让上海成为举世瞩目的伟大都市。而为了建成这座伟大的远东魔都,必须阻止洋人“越界筑路”扩张租界,而其中关键正是在一份久已失踪的地契——洋人、黑帮净社、神秘的玉兰公会,无不卷到这场争夺之中。 | |
| 510 | 1 | @aNew new news@zeng |
| 517 | 1 | @a魔都暗影@9mo dou an ying |
| 586 | @a | |
| 606 | 0 | @a幻想小说@y中国@z当代 |
| 690 | @aI247.59@v5 | |
| 701 | 0 | @a梁清散@9liang qing san@4著 |
| 801 | 0 | @aCN@c20211015 |
| 905 | @dI247.59@eL408-2@f2@sI247.59/L408-2@S@Z | |
| 新新新日报馆=The new new news:魔都暗影/梁清散著.-北京:新星出版社,2021 |
| 321页;22cm |
| ISBN 978-7-5133-4591-0:CNY49.00 |
| 1908年初春,大清国上海吴淞江上举办了一场举世瞩目的人类和机械的划船对决。然而在众人欢庆的落幕之后,赛事主角之一,划船俱乐部总教练钟天文,离奇死亡。新新日报馆的记者梁启为追踪新闻,与科技发明达人、侠士谭四联手寻找凶案线索。他们从钟天文好友、机械痴人康揆入手,却不料掀开了上海滩地下世界的黑幕。梁启首先查访到,原来钟天文、康揆和报界精英曾传尧、华人大律师范世雅四人都曾在童年时去美国留学又同年归国,并称“留美归国四杰”。他们时常聚会,立志让上海成为举世瞩目的伟大都市。而为了建成这座伟大的远东魔都,必须阻止洋人“越界筑路”扩张租界,而其中关键正是在一份久已失踪的地契——洋人、黑帮净社、神秘的玉兰公会,无不卷到这场争夺之中。 |
| ● |
| 相关链接 |
|
|
|
正题名:新新新日报馆
索取号:I247.59/L408-2
 
预约/预借
| 序号 | 登录号 | 条形码 | 馆藏地/架位号 | 状态 | 备注 |
| 1 | 21620426 | 216204266 | 文学库108/108文学库 57排5列1层/ [索取号:I247.59/L408-2] | 在馆 | |
| 2 | 21620427 | 216204275 | 文学库108/108文学库 57排5列1层/ [索取号:I247.59/L408-2] | 在馆 |